History Quiz

Random History or State Quiz

Senate Democratic Whips Quiz Stats

 Plays Quiz not verified by Sporcle

Score 0/19 Timer 10:00
0 Plays Today
Term Name % Correct
2005-Dick Durbin
93.9%
1999-2005Harry Reid
90.9%
1969-1971Ted Kennedy
87.9%
1971-1977Robert Byrd
84.8%
1961-1965Hubert Humphrey
66.7%
1965-1969Russell B. Long
66.7%
1951-1953Lyndon B. Johnson
57.6%
1957-1961Mike Mansfield
54.5%
1977-1991Alan Cranston
48.5%
1991-1999Wendell Ford
42.4%
Term Name % Correct
1941-1947Lister Hill
15.2%
1939-1941Sherman Minton
9.1%
1947-1949Scott W. Lucas
6.1%
1919-1929Peter Gerry
3%
1929-1933Morris Sheppard
3%
1953-1957Earle Clements
3%
1913-1919J. Hamilton Lewis
0%
1933-1939J. Hamilton Lewis
0%
1949-1951Francis Myers
0%

You're not logged in!

Compare scores with friends on all Sporcle quizzes.
OR
Log In

Sporcle TV

Today on Sporcle TV


Watch our educational content, quiz creation guides, and fun videos on Sporcle TV.

Show Comments

Extras

Top Quizzes Today


Score Distribution

Your Account Isn't Verified!

In order to create a playlist on Sporcle, you need to verify the email address you used during registration. Go to your Sporcle Settings to finish the process.

Report this User

Report this user for behavior that violates our Community Guidelines.

Details: